Arquitectura contemporǹea Arte, ciencia y teora̕ /

Detalles Bibliográficos
Autor principal: Ettinger-Mc Enulty, Catherine R.
Formato: eBook
Lenguaje:español
Publicado: Mx̌ico D.F: Plaza y Valdš Editores, 2011
Materias:
Acceso en línea:Acceso restringido

MARC

LEADER 00000nam a22000007a 4500
005 20130712141830.0
007 cr|||| ||||
008 130712s2011 mx |||||s|||| 00||0 spa d
020 |a  978-607-402-020-5 
035 |a 11420 
040 |a vLex 
090 |c 4451  |d 4451 
100 1 |a  Ettinger-Mc Enulty, Catherine R. 
245 1 0 |a Arquitectura contemporǹea  |h [Recurso electrn̤ico] :  |b Arte, ciencia y teora̕ /  |c Catherine R. Ettinger-Mc Enulty, Salvador Jara-Guerrero  
256 |a Servicio en ln̕ea 
260 |a Mx̌ico D.F:  |b Plaza y Valdš Editores,  |c 2011 
300 |a 1 recurso electrn̤ico 
506 1 |a Contenido solo disponible en los productos indicados  |d vLex Global  |d vLex Global (Academic Edition, excluding Law Schools)  |d vLex Global (U.S. Academic Edition, Law Schools)  |d vLex Global (U.S. Academic Edition, excluding Law Schools)  |d vLex Global (Academic Edition, Law Schools) 
650 0 4 |a Arquitectura  |z Mx̌ico 
740 0 |a vLex Libros (Servicio en ln̕ea) 
856 4 0 |u http://vlex.com/source/arquitectura-contemporanea-11420  |z Acceso restringido 
942 |c BOOK 
999 0 |a Architecture